| 000 | 00599nam a2200181 u 4500 | ||
|---|---|---|---|
| 001 | 000754500 | ||
| 003 | AM-YeHGA | ||
| 005 | 20250617143638.0 | ||
| 008 | 100805s1969 ||| r 000 0 rus d | ||
| 040 | _aAM-YeHGA | ||
| 041 | 0 | _arus | |
| 100 | 1 | _aЖиромский, Б.орис Борисович | |
| 245 | 1 | 0 |
_aКоломенское : _bАльбом / _cАвт. текста и сост. Б.Б. Жиромский. |
| 260 |
_aКиев : _bБ. и., _c1969. |
||
| 300 |
_a24 с. : _bил. |
||
| 653 | 0 | _aАрхитектурные памятники - Коломенское | |
| 090 | _c280642 | ||
| 999 |
_c278990 _d278990 |
||